banner-ar

BASIC PLUMBING ILLUSTRATED / (Record no. 21268)

MARC details
000 -الفاتح
حقل البيانات ثابتة الطول 00462nam a2200181Ia 4500
008 - عناصر البيانات ثابتة الطول - معلومات عامة
حقل البيانات ثابتة الطول 140319s9999 xx 000 0 eng d
040 ## - مصدر الفهرسة
وكالة الفهرسة الأصلية GCL /
وكالة النسخ GCL
082 04 - رقم تصنيف ديوى العشرى
رقم التصنيف 696.1
رقم المادة S B
100 1# - المدخل الرئيسى - إسم شخصى
الإسم الشخصى SUNSET BOOKS
245 10 - بيان العنوان
العنوان BASIC PLUMBING ILLUSTRATED /
بيان المسئوليه,etc SUNSET BOOKS
700 1# - المدخل الاضافى - اسم شخصى
الإسم الشخصى SUNSET MAGAZINE
260 ## - PUBLICATION, DISTRIBUTION, ETC. (IMPRINT)
تاريخ النشر أو التوزيع 1989
300 ## - الوصف المادى
التعداد 96 P
650 04 - المدخل الاضافى بالموضوع-مصطلح موضوعى
مصطلح موضوعي PLUMBING
650 04 - المدخل الاضافى بالموضوع-مصطلح موضوعى
مصطلح موضوعي WATER CONSERVATIONS
942 ## - عناصر المدخل الإضافي( كوها)
مصدر التصنيف او مخطط الترفيف Dewey Decimal Classification
Koha [default] item type كتاب
260 ## - PUBLICATION, DISTRIBUTION, ETC. (IMPRINT)
-- [S.N] :
-- LANE PUBLISHING CO. ،
Holdings
حالة التراجع حالة الفقد حالة تلف ليس للاعارة المكان المؤقت الموقع الحالى تاريخ الاكتساب اجمالي اﻻعارات رقم الطلب الباركود تاريخ اخر مشاهدة تاريخ تفعيل السعر نوع وعاء كوها
        مكتبة القاهرة الكبرى مكتبة القاهرة الكبرى 03/26/2014   696.1\S B 39397 03/26/2014 03/26/2014 كتاب

Powered By

EGPV